Catálogo
 En Linea

Estudio de las leyes No. 33-18 de partidos, movimientos y agrupaciones políticas y la ley orgánica de régimen electoral No. 20-23 : (Registro nro. 59953)

Detalles MARC
000 -CABECERA
campo de control de longitud fija 02509nam a2200325 i 4500
003 - IDENTIFICADOR DEL NÚMERO DE CONTROL
campo de control DO-SdBNP
005 - FECHA Y HORA DE LA ÚLTIMA TRANSACCIÓN
campo de control 20260429123224.0
007 - CAMPO FIJO DE DESCRIPCIÓN FÍSICA--INFORMACIÓN GENERAL
campo de control de longitud fija ta
008 - DATOS DE LONGITUD FIJA--INFORMACIÓN GENERAL
campo de control de longitud fija 251015e2025 dr d|||gr ||| 001 0 spa d
020 ## - NÚMERO INTERNACIONAL ESTÁNDAR DEL LIBRO
Número Internacional Estándar del Libro 9789945929195
040 ## - FUENTE DE LA CATALOGACIÓN
Centro catalogador/agencia de origen DO-SdBNP
Lengua de catalogación spa
Centro/agencia transcriptor BNPHU
Normas de descripción rda
041 ## - CÓDIGO DE LENGUA
Código de lengua del texto/banda sonora o título independiente spa
082 #4 - NÚMERO DE LA CLASIFICACIÓN DECIMAL DEWEY
Número de clasificación xxxx
Número de documento/Ítem P953i
Número de edición 22
245 10 - MENCIÓN DE TÍTULO
Título Estudio de las leyes No. 33-18 de partidos, movimientos y agrupaciones políticas y la ley orgánica de régimen electoral No. 20-23 :
Resto del título propuestas de modificación /
246 1# - FORMA VARIANTE DE TÍTULO
Título propio/Titulo breve Observación electoral y participación política de las mujeres :
Resto del título Estudio de las leyes No. 33-18 de partidos, movimientos y agrupaciones políticas y la ley orgánica de régimen electoral No. 20-23 /
264 ## - PRODUCCIÓN, PUBLICACIÓN, DISTRIBUCIÓN, FABRICACIÓN Y COPYRIGHT
Producción, publicación, distribución, fabricación y copyright Santo Domingo, República Dominicana :
Nombre del de productor, editor, distribuidor, fabricante Participación Ciudadana,
Fecha de producción, publicación, distribución, fabricación o copyright 2025.
300 ## - DESCRIPCIÓN FÍSICA
Extensión 133 páginas ;
Otras características físicas gráficas ;
Dimensiones 28 cm.
336 ## - TIPO DE CONTENIDO
Término de tipo de contenido texto
Código de tipo de contenido txt
Fuente rdacontent
337 ## - TIPO DE MEDIO
Nombre/término del tipo de medio sin mediación
Código del tipo de medio n
Fuente rdamedia
338 ## - TIPO DE SOPORTE
Nombre/término del tipo de soporte volumen
Código del tipo de soporte nc
Fuente rdacarrier
500 ## - NOTA GENERAL
Nota general Diagnóstico del sistema electoral y de partidos de la República Dominicana: propuestas para la reforma de las leyes No. 18-33 de partidos y No. 20-23 Orgánica de Régimen Electoral.
504 ## - NOTA DE BIBLIOGRAFÍA, ETC.
Nota de bibliografía, etc. Bibliografía p: 123-125.
520 ## - SUMARIO, ETC.
Sumario, etc. El “Diagnóstico del sistema electoral y de partidos de la República Dominicana: propuestas para la reforma de las Leyes No. 33-18 de Partidos y No. 20-23 del Régimen Electoral” identifica problemas persistentes como la sobrerrepresentación de mayorías, el debilitamiento de la democracia interna en los partidos, la opacidad del financiamiento político, la inequidad en el acceso a medios y la falta de aplicación efectiva de sanciones electorales. También destaca el bajo nivel de confianza ciudadana en los partidos y la necesidad de profesionalizar su funcionamiento.<br/><br/>Frente a estos desafíos, el estudio propone las reformas pertinentes.<br/><br/>Esta investigación forma parte del proyecto “Observación Electoral y Participación Política de las Mujeres y los Jóvenes” que desarrolla Participación Ciudadana en coordinación con el Centro de Investigación y Acción Femenina con el objetivo de contribuir al fortalecimiento institucional y a la calidad democrática del país auspiciado por la Unión Europea (UE).
590 ## - NOTA LOCAL (RLIN)
Nota local Inventariado 2025/ YL
650 #4 - PUNTO DE ACCESO ADICIONAL DE MATERIA--TÉRMINO DE MATERIA
9 (RLIN) 2992
Término de materia o nombre geográfico como elemento de entrada Elecciones
Subdivisión geográfica República Dominicana
650 #4 - PUNTO DE ACCESO ADICIONAL DE MATERIA--TÉRMINO DE MATERIA
9 (RLIN) 77844
Término de materia o nombre geográfico como elemento de entrada Sufragio
Subdivisión geográfica Repùblica Dominicana
650 20 - PUNTO DE ACCESO ADICIONAL DE MATERIA--TÉRMINO DE MATERIA
Término de materia o nombre geográfico como elemento de entrada Participación política
9 (RLIN) 456
910 ## - DATOS DE OPCIÓN DEL USUARIO (OCLC)
Datos de opción del usuario YLockward
942 ## - ELEMENTOS DE PUNTO DE ACCESO ADICIONAL (KOHA)
Fuente del sistema de clasificación o colocación Dewey Decimal Classification
Tipo de ítem Koha Libro
Existencias
Estado de retiro Estado de pérdida Fuente del sistema de clasificación o colocación Restricciones de uso No para préstamo Código de colección Localización permanente Ubicación/localización actual Ubicación en estantería Fecha de adquisición Fuente de adquisición Total de préstamos Signatura topográfica completa Código de barras Fecha visto por última vez Precio válido a partir de Tipo de ítem Koha Número de copia
    Dewey Decimal Classification Excluido de préstamo   Patrimonio Dominicano Biblioteca Nacional Pedro Henríquez Ureña Biblioteca Nacional Pedro Henríquez Ureña En catalogación 07.07.2025 Depósito Legal   BNPHU PD xxxx P953i 2025-11874 15.10.2025 15.10.2025 Libro  
    Dewey Decimal Classification Excluido de préstamo   Patrimonio Dominicano Biblioteca Nacional Pedro Henríquez Ureña Biblioteca Nacional Pedro Henríquez Ureña En catalogación 07.07.2025 Depósito Legal   BNPHU PD xxxx P953i 2025-11875 15.10.2025 15.10.2025 Libro e. 2
    Dewey Decimal Classification Préstamo en sala   Dominicana de Servicio Biblioteca Nacional Pedro Henríquez Ureña Biblioteca Nacional Pedro Henríquez Ureña En catalogación 07.07.2025 Depósito Legal   BNPHU DS xxxx P953i 2025-11876 15.10.2025 15.10.2025 Libro e. 3
    Dewey Decimal Classification Préstamo en sala   Dominicana de Servicio Biblioteca Nacional Pedro Henríquez Ureña Biblioteca Nacional Pedro Henríquez Ureña En catalogación 06.11.2025 Donado por Editora Búho   BNPHU DS xxxx P953i 2026-1784 06.03.2026 06.03.2026 Libro e. 4
    Dewey Decimal Classification Préstamo en sala   Dominicana de Servicio Biblioteca Nacional Pedro Henríquez Ureña Biblioteca Nacional Pedro Henríquez Ureña En catalogación 06.11.2025 Donado por Editora Búho   BNPHU DS xxxx P953i 2026-1785 06.03.2026 06.03.2026 Libro e. 5

Con tecnología Koha